000 01558nam a2200253 a 4500
001 45232
003 BD-RjUL
005 20211209054001.0
008 160411s2000 ii ||||| |||| 00| 0 ben d
020 _c: IRs. 260.00
035 _a(BD-RjUL)45350
040 _aBD-RjUL
_bben
_cBD-RjUL
_dBD-RjUL
041 _aben
082 _223
_a294.592
_bGOS 2000
100 _aগোস্বামী, শ্রীল কৃষ্ণদাস কবিরাজ
_9135697
245 1 0 _aশ্রীল কৃষ্ণদাস কবিরাজ গোস্বামী বিরচিত শ্রীশ্রীচৈতন্যচরিতামৃত /
_cশ্রীল কৃষ্ণদাস কবিরাজ গোস্বামী ; হরেকৃষ্ণ মুখোপাধ্যায় এবং সুবোধচন্দ্র মজুমদার কর্তৃক সম্পাদিত
260 _aকলিকাতা :
_bদেব সাহিত্য কুটীর প্রাইভেট লিমিটেড,
_c২০০০
300 _a[৮], ৬৯৮, [১] পৃ. :
_bচিত্র ;
_c২৪ সেমি.
650 _aহিন্দুধর্ম
_xপবিত্র গ্রন্থসমূহ
_9138563
650 _aHinduism
_xSacred Books
_9127149
700 _aমুখোপাধ্যায়, হরেকৃষ্ণ, সম্পাদক
_9124442
700 _aমজুমদার, সুবোধচন্দ্র, যুগ্ম সম্পাদক
_9138564
942 _2ddc
_cBK
999 _c45232
_d45232